[Event "4th ch-EU"]
[Site "Liverpool ENG"]
[Date "2008.09.11"]
[Round "3"]
[White "Gormally, D."]
[Black "Berg, E."]
[Result "1/2-1/2"]
[WhiteElo "2504"]
[BlackElo "2592"]
[PlyCount "98"]
[EventDate "2008.09.09"]
[SourceDate "1999.07.01"]

1. e4 c5 2. Nc3 d6 3. Nf3 a6 4. d4 cxd4 5. Nxd4 Nf6 6. Bg5 e6 7. f4 Nbd7 8. Qf3
Qc7 9. O-O-O b5 10. Bd3 Bb7 11. Rhe1 Qb6 12. Nd5 Qxd4 13. Bxf6 gxf6 14. Bxb5
Qc5 15. Nxf6+ Kd8 16. Nxd7 Qxb5 17. Nxf8 Rxf8 18. Qa3 Ke8 19. Qxd6 Qc6 20. Qd2
Qc7 21. g3 a5 22. f5 e5 23. f6 Rg8 24. Re3 Rd8 25. Rc3 Qb6 26. Rd3 Rd4 27. Rxd4
exd4 28. Qf4 Kd7 29. Qe5 Kc8 30. Rxd4 Rd8 31. Rxd8+ Qxd8 32. b3 Bc6 33. Qc3 Kb7
34. e5 Qd5 35. Kb2 Kc7 36. Qe3 Bd7 37. c4 Qg2+ 38. Ka3 a4 39. Qc5+ Kd8 40. Qe7+
Kc8 41. Qxf7 Qg1 42. Qf8+ Kb7 43. Qb4+ Kc8 44. Qc3 axb3 45. axb3 Qa7+ 46. Kb2
Qf2+ 47. Qc2 Qd4+ 48. Qc3 Qf2+ 49. Qc2 Qd4+ 1/2-1/2

[Event "4th ch-EU"]
[Site "Liverpool ENG"]
[Date "2008.09.12"]
[Round "4"]
[White "Bacrot, E."]
[Black "Gormally, D."]
[Result "1/2-1/2"]
[WhiteElo "2691"]
[BlackElo "2504"]
[PlyCount "142"]
[EventDate "2008.09.09"]
[SourceDate "1999.07.01"]

1. e4 c5 2. Nf3 d6 3. d4 cxd4 4. Nxd4 Nf6 5. Nc3 a6 6. Be3 e6 7. g4 d5 8. exd5
Nxd5 9. Nxd5 Qxd5 10. Rg1 Nd7 11. Bg2 Qa5+ 12. c3 Be7 13. Qe2 O-O 14. h4 Bf6
15. Nb3 Qc7 16. Be4 Be5 17. g5 f5 18. gxf6 Nxf6 19. Bc2 a5 20. Nd4 Bd7 21.
O-O-O Rae8 22. Nf3 Bf4 23. Kb1 Bxe3 24. Qxe3 e5 25. Ng5 h6 26. Nf3 Bg4 27. Rde1
Bxf3 28. Qxf3 e4 29. Qe3 Kh8 30. Rg6 Qe5 31. Reg1 Rf7 32. Qh3 Nd5 33. R6g4 e3
34. fxe3 Qxe3 35. Qxe3 Nxe3 36. Bg6 Nxg4 37. Bxf7 Re7 38. Bh5 Ne5 39. Kc2 Kh7
40. Kb3 g6 41. Bd1 Rc7 42. Bc2 Kg7 43. Bxg6 Nxg6 44. h5 Rc6 45. Ka4 Kf7 46.
Rf1+ Ke7 47. hxg6 Rxg6 48. Kxa5 Ra6+ 49. Kb5 Rxa2 50. b4 Ra6 51. Rh1 Kd7 52. c4
Kc7 53. c5 Rf6 54. Rg1 Kc8 55. Rg8+ Kc7 56. Rg7+ Kc8 57. Rh7 Kb8 58. Kc4 b6 59.
Kb5 bxc5 60. bxc5 Kc8 61. Rg7 Kb8 62. Kc4 Rf4+ 63. Kd5 Rf6 64. Ke5 Rc6 65. Kd5
Rf6 66. Re7 Kc8 67. Kc4 Rg6 68. Rf7 Rg4+ 69. Kb5 Rg6 70. c6 Rg1 71. Rf8+ Kc7
1/2-1/2

[Event "II ROMGAZ Open"]
[Site "Bucharest ROU"]
[Date "2008.09.15"]
[Round "5"]
[White "Parligras, M."]
[Black "Kurnosov, I."]
[Result "1/2-1/2"]
[WhiteElo "2588"]
[BlackElo "2617"]
[PlyCount "107"]
[EventDate "2008.09.11"]
[SourceDate "1999.07.01"]

1. e4 c5 2. Nf3 d6 3. d4 cxd4 4. Nxd4 Nf6 5. Nc3 a6 6. h3 e6 7. g4 b5 8. Bg2
Bb7 9. O-O b4 10. Nd5 exd5 11. exd5 Be7 12. g5 Nfd7 13. Nc6 Qc7 14. Nxe7 Kxe7
15. Qd4 f6 16. Re1+ Kd8 17. Qxb4 Ne5 18. f4 Nc4 19. b3 Qb6+ 20. Qxb6+ Nxb6 21.
Re6 Kc7 22. c4 N8d7 23. Ba3 Nc8 24. h4 h6 25. gxf6 Nxf6 26. Rae1 Rf8 27. Bh3
Rf7 28. R6e3 Nh5 29. Bg4 Nxf4 30. h5 g6 31. hxg6 Nxg6 32. Bh5 Rf5 33. Bxg6 Rg5+
34. Kh2 Rxg6 35. Re6 Rg7 36. Rxh6 a5 37. Bb2 Rf7 38. Bf6 a4 39. Re3 Kd7 40. Kh3
axb3 41. axb3 Ra2 42. Kg3 Rd2 43. Rg6 Rd1 44. Kf2 Rh1 45. Ke2 Kc7 46. Rg7 Rxg7
47. Bxg7 Nb6 48. Bc3 Kd7 49. Rg3 Rh7 50. Kd2 Nc8 51. Rg7+ Rxg7 52. Bxg7 Ne7 53.
Bd4 Nf5 54. Bf2 1/2-1/2

[Event "58th ch-HUN KO"]
[Site "Nyiregyhaza HUN"]
[Date "2008.09.12"]
[Round "1.1"]
[White "Almasi, Z."]
[Black "Papp, Ga"]
[Result "1/2-1/2"]
[WhiteElo "2668"]
[BlackElo "2509"]
[PlyCount "50"]
[EventDate "2008.09.12"]
[SourceDate "1999.07.01"]

1. e4 c5 2. Nf3 d6 3. d4 cxd4 4. Nxd4 Nf6 5. Nc3 a6 6. Bg5 e6 7. f4 Qb6 8. Nb3
Be7 9. Qe2 Nc6 10. O-O-O Qc7 11. g3 h6 12. Bh4 b5 13. Bg2 b4 14. Na4 e5 15. Kb1
Bd7 16. Qc4 Qa7 17. Bxf6 gxf6 18. Bf1 O-O 19. Rd5 Rfc8 20. Qd3 Nd8 21. Qf3 Bxa4
22. Qg4+ Kf8 23. Qh5 Kg7 24. Qg4+ Kf8 25. Qh5 Kg7 1/2-1/2

[Event "58th ch-HUN KO"]
[Site "Nyiregyhaza HUN"]
[Date "2008.09.13"]
[Round "1.2"]
[White "Sax, G."]
[Black "Groszpeter, A."]
[Result "1/2-1/2"]
[WhiteElo "2506"]
[BlackElo "2554"]
[PlyCount "25"]
[EventDate "2008.09.12"]
[SourceDate "1999.07.01"]

1. e4 c5 2. Nf3 d6 3. d4 cxd4 4. Nxd4 Nf6 5. Nc3 a6 6. h3 e6 7. g4 d5 8. exd5
Nxd5 9. Nde2 Bb4 10. Bg2 O-O 11. Bd2 Nxc3 12. Nxc3 Nc6 13. O-O 1/2-1/2

[Event "58th ch-HUN KO"]
[Site "Nyiregyhaza HUN"]
[Date "2008.09.14"]
[Round "1.4"]
[White "Sax, G."]
[Black "Groszpeter, A."]
[Result "1/2-1/2"]
[WhiteElo "2506"]
[BlackElo "2554"]
[PlyCount "64"]
[EventDate "2008.09.12"]
[SourceDate "1999.07.01"]

1. e4 c5 2. Nf3 d6 3. d4 cxd4 4. Nxd4 Nf6 5. Nc3 a6 6. g3 e5 7. Nde2 b5 8. Bg5
Bb7 9. Bxf6 Qxf6 10. Bg2 Nd7 11. a4 bxa4 12. Nxa4 Rc8 13. Nec3 Be7 14. Bh3 Rc7
15. Nd5 Bxd5 16. Qxd5 Nc5 17. Nxc5 Rxc5 18. Qa8+ Bd8 19. Qxa6 O-O 20. Qe2 Ba5+
21. Kf1 d5 22. c3 Bb6 23. Kg2 dxe4 24. Rhd1 Qc6 25. Bd7 Qb7 26. Qa6 Qc7 27. Qe2
f5 28. Be6+ Kh8 29. c4 Rc6 30. Rd7 Qc8 31. Rd6 Qc7 32. Rd7 Qc8 1/2-1/2

[Event "61st ch-RUS HL"]
[Site "Novokuznetsk RUS"]
[Date "2008.09.04"]
[Round "2"]
[White "Lintchevski, D."]
[Black "Vitiugov, N."]
[Result "0-1"]
[WhiteElo "2506"]
[BlackElo "2616"]
[PlyCount "102"]
[EventDate "2008.09.03"]
[SourceDate "1999.07.01"]

1. e4 c5 2. Nf3 d6 3. d4 cxd4 4. Nxd4 Nf6 5. Nc3 a6 6. Be3 e5 7. Nf3 Be7 8. Bc4
O-O 9. O-O Nc6 10. Qe2 Na5 11. Bb3 h6 12. Rfd1 Nxb3 13. axb3 Qe8 14. Nd2 b5 15.
Nxb5 Bg4 16. f3 Qxb5 17. Qxb5 axb5 18. fxg4 Nxg4 19. Nf1 Rxa1 20. Rxa1 Rc8 21.
c3 Nf6 22. Ng3 d5 23. Ra5 b4 24. Nf5 Bd8 25. Rb5 bxc3 26. bxc3 g6 27. Nxh6+ Kg7
28. Rb7 Rc7 29. Rxc7 Bxc7 30. exd5 Nxd5 31. Bd2 f5 32. g4 e4 33. g5 Bb6+ 34.
Kg2 e3 35. Be1 Nf4+ 36. Kf3 Nh3 37. Bh4 Bd8 38. Kxe3 Nxg5 39. Nxf5+ gxf5 40. c4
Bb6+ 41. Kf4 Kg6 42. Bg3 Ne4 43. b4 Bc7+ 44. Kf3 Nxg3 45. hxg3 Kg5 46. c5 Be5
47. Ke3 Bxg3 48. b5 Bh2 49. Kf2 Be5 50. Ke3 Bc3 51. b6 Ba5 0-1

[Event "61st ch-RUS HL"]
[Site "Novokuznetsk RUS"]
[Date "2008.09.05"]
[Round "3"]
[White "Motylev, A."]
[Black "Nepomniachtchi, I."]
[Result "1/2-1/2"]
[WhiteElo "2674"]
[BlackElo "2602"]
[PlyCount "84"]
[EventDate "2008.09.03"]
[SourceDate "1999.07.01"]

1. e4 c5 2. Nf3 d6 3. d4 cxd4 4. Nxd4 Nf6 5. Nc3 a6 6. Be2 e5 7. Nb3 Be7 8. O-O
O-O 9. Be3 Be6 10. Qd2 Nbd7 11. a4 Nb6 12. a5 Nc4 13. Bxc4 Bxc4 14. Rfd1 Rc8
15. f3 Rc6 16. Bb6 Qc8 17. Qe1 Bd8 18. Bf2 b5 19. Na2 Be6 20. Nb4 Rc4 21. Nc1
Be7 22. b3 Rc7 23. Ne2 Qb7 24. Bb6 Rd7 25. Nc3 Rc8 26. Rd3 d5 27. Nbxd5 Bxd5
28. Nxd5 Nxd5 29. exd5 Rxd5 30. Qe4 Rd7 31. Qxb7 Rxb7 32. Rad1 f5 33. Rd7 Rxd7
34. Rxd7 Bg5 35. Bc7 e4 36. Kf2 Kf8 37. fxe4 fxe4 38. c4 bxc4 39. bxc4 Be7 40.
Bd6 Bxd6 41. Rxd6 Rxc4 42. Rxa6 Ra4 1/2-1/2

[Event "61st ch-RUS HL"]
[Site "Novokuznetsk RUS"]
[Date "2008.09.07"]
[Round "5"]
[White "Inarkiev, E."]
[Black "Shomoev, A."]
[Result "1-0"]
[WhiteElo "2675"]
[BlackElo "2566"]
[PlyCount "79"]
[EventDate "2008.09.03"]
[SourceDate "1999.07.01"]

1. e4 c5 2. Nf3 d6 3. d4 cxd4 4. Nxd4 Nf6 5. Nc3 a6 6. Be2 e6 7. f4 Be7 8. Be3
O-O 9. g4 d5 10. e5 Ne4 11. Nxe4 dxe4 12. c3 Nd7 13. Qc2 Nc5 14. O-O-O Qc7 15.
h4 b5 16. g5 Bb7 17. h5 Bd5 18. Kb1 Rac8 19. g6 fxg6 20. hxg6 h6 21. Bg4 Rfe8
22. Rh5 Bf8 23. f5 exf5 24. Bxf5 Rcd8 25. Rg1 Nd3 26. Qh2 Qxe5 27. Be6+ Rxe6
28. Rxe5 Rxe5 29. Qh3 b4 30. c4 Bb7 31. Bxh6 gxh6 32. g7 Bxg7 33. Ne6 Rd7 34.
Qxh6 Rxe6 35. Qxe6+ Rf7 36. Qe8+ Rf8 37. Qe6+ Rf7 38. Rf1 Ne5 39. Rxf7 Nxf7 40.
Qd7 1-0

[Event "61st ch-RUS HL"]
[Site "Novokuznetsk RUS"]
[Date "2008.09.08"]
[Round "6"]
[White "Smirnov, P."]
[Black "Najer, E."]
[Result "1-0"]
[WhiteElo "2592"]
[BlackElo "2670"]
[PlyCount "61"]
[EventDate "2008.09.03"]
[SourceDate "1999.07.01"]

1. e4 c5 2. Nf3 d6 3. d4 cxd4 4. Nxd4 Nf6 5. Nc3 a6 6. Bg5 e6 7. f4 Qc7 8. Bxf6
gxf6 9. f5 Nc6 10. fxe6 fxe6 11. Bc4 Nxd4 12. Qxd4 Rg8 13. O-O-O Bd7 14. Bb3
Rxg2 15. Qxf6 Qd8 16. Qd4 Qg5+ 17. Kb1 Qc5 18. Qh8 O-O-O 19. Qxh7 Bg7 20. Qh3
Rg6 21. Ne2 Rh8 22. Qf1 Rg4 23. Qf7 Qe5 24. Nc3 Rf4 25. Qg6 Rh3 26. Rhg1 Bf6
27. Qg8+ Bd8 28. Rg7 b5 29. a4 b4 30. Bc4 Kc7 31. Bxe6 1-0

[Event "TCh-ESP Hon Gp1"]
[Site "Cala Mayor ESP"]
[Date "2008.09.06"]
[Round "4"]
[White "Spraggett, K."]
[Black "Cheparinov, I."]
[Result "1/2-1/2"]
[WhiteElo "2601"]
[BlackElo "2687"]
[PlyCount "135"]
[EventDate "2008.09.03"]
[SourceDate "1999.07.01"]

1. e4 c5 2. Nf3 d6 3. d4 cxd4 4. Nxd4 Nf6 5. Nc3 a6 6. Bg5 e6 7. f4 Nbd7 8. Qe2
Qc7 9. O-O-O b5 10. a3 Bb7 11. g4 Be7 12. Bxf6 Nxf6 13. g5 Nd7 14. h4 Nb6 15.
f5 e5 16. Nb3 Nc4 17. Qf3 Qb6 18. Bxc4 bxc4 19. Nd2 Rc8 20. Rhg1 Bd8 21. h5 Rf8
22. f6 g6 23. hxg6 hxg6 24. Rh1 Qc5 25. Rh7 Ba5 26. Rdh1 Kd7 27. Ndb1 Kc7 28.
Nd1 d5 29. Nbc3 dxe4 30. Nxe4 Qd4 31. Ndf2 Bb6 32. Re1 Kb8 33. Qg3 c3 34. b3
Qd5 35. Nd3 Bd4 36. Kb1 Ka8 37. Ka2 a5 38. Rh4 Rh8 39. Rxh8 Rxh8 40. a4 Bc6 41.
Nc1 Bb7 42. Kb1 Qd7 43. Qd3 Rh3 44. Qc4 Ka7 45. Nc5 Qd5 46. Nxb7 Qxc4 47. bxc4
Kxb7 48. Nd3 Re3 49. Rxe3 Bxe3 50. Nxe5 Bxg5 51. Nxf7 Bxf6 52. Nd6+ Kc6 53. Ne4
Be7 54. Kc1 Kd7 55. Kd1 Ke6 56. Ke2 Ke5 57. Ke3 g5 58. Nxc3 g4 59. Ne4 Bf8 60.
c5 Bh6+ 61. Kd3 Bf4 62. c6 Ke6 63. c4 Bc7 64. Ke2 Ke5 65. Nc3 Kd6 66. Ne4+ Kxc6
67. Nf6 Kc5 68. Nxg4 1/2-1/2

[Event "TCh-ESP Hon Gp1"]
[Site "Cala Mayor ESP"]
[Date "2008.09.07"]
[Round "5"]
[White "Cheparinov, I."]
[Black "Kuzubov, Y."]
[Result "1/2-1/2"]
[WhiteElo "2687"]
[BlackElo "2578"]
[PlyCount "176"]
[EventDate "2008.09.03"]
[SourceDate "1999.07.01"]

1. e4 c5 2. Nf3 d6 3. d4 cxd4 4. Nxd4 Nf6 5. Nc3 a6 6. Be3 e5 7. Nb3 Be6 8. Qd2
Nbd7 9. O-O-O Be7 10. f4 Ng4 11. g3 Nxe3 12. Qxe3 Nf6 13. Kb1 Qc7 14. f5 Bd7
15. g4 Nxg4 16. Qg3 Nf6 17. Qxg7 Rg8 18. Qh6 O-O-O 19. Qe3 Kb8 20. Be2 Rc8 21.
Ka1 Rg2 22. Rc1 d5 23. exd5 Bb4 24. Bf3 Rgg8 25. d6 Bxd6 26. Ne4 Nxe4 27. Bxe4
Bc6 28. Rhd1 Be7 29. Rg1 Bxe4 30. Rxg8 Rxg8 31. Qxe4 Qc6 32. Qxe5+ Bd6 33. Qf6
Qd5 34. h3 Be5 35. Qh4 Rc8 36. Qb4 Qc4 37. a3 h5 38. Kb1 f6 39. Qxc4 Rxc4 40.
Rf1 Kc7 41. c3 Re4 42. Nd2 Re2 43. Kc2 Rh2 44. Rf3 b5 45. b4 Kc6 46. Kd3 Rg2
47. c4 Rh2 48. Re3 bxc4+ 49. Nxc4 Kd5 50. Rf3 Bd4 51. Nd2 Rg2 52. a4 Rg8 53.
Kc2 Rb8 54. Rb3 Rc8+ 55. Kd1 Rc3 56. b5 Rxb3 57. Nxb3 axb5 58. axb5 Bb6 59. Nd2
Ba5 60. Nf1 Ke4 61. Ng3+ Kf4 62. Nxh5+ Kxf5 63. Ke2 Kg5 64. Ng3 Kh4 65. Kf3
Kxh3 66. Ne4 f5 67. Nf2+ Kh4 68. Kf4 Bc7+ 69. Kxf5 Kg3 70. Ne4+ Kf3 71. Nc3 Ba5
72. Nd5 Ke2 73. Ke4 Kd2 74. Kd4 Kc2 75. Kc5 Kb3 76. Ne3 Bd8 77. Nf5 Kc3 78. Nd6
Kb3 79. Nb7 Bh4 80. Kc6 Bf2 81. Nc5+ Kc4 82. Ne4 Bg1 83. Nd2+ Kb4 84. Nf3 Bf2
85. Ne5 Bg1 86. Nf7 Bf2 87. Nd6 Bg1 88. b6 Bxb6 1/2-1/2

[Event "TCh-ESP Hon Gp2"]
[Site "Sabadell ESP"]
[Date "2008.09.03"]
[Round "1"]
[White "Ganguly, S."]
[Black "Dominguez Perez, L."]
[Result "1/2-1/2"]
[WhiteElo "2631"]
[BlackElo "2708"]
[PlyCount "43"]
[EventDate "2008.09.03"]
[SourceDate "1999.07.01"]

1. e4 c5 2. Nf3 d6 3. d4 cxd4 4. Nxd4 Nf6 5. Nc3 a6 6. Be2 e5 7. Nb3 Be7 8. O-O
O-O 9. Re1 Be6 10. Bf3 Qc7 11. a4 Rc8 12. a5 Nbd7 13. h3 h6 14. Be3 b5 15. axb6
Nxb6 16. Na5 Nc4 17. Nxc4 Bxc4 18. Bd2 Qb7 19. b3 Be6 20. Qe2 Bd8 21. Qd3 Bb6
22. Nd5 1/2-1/2

[Event "TCh-ESP Hon Gp2"]
[Site "Sabadell ESP"]
[Date "2008.09.04"]
[Round "2"]
[White "Ganguly, S."]
[Black "Hernandez Carmenates, Hold"]
[Result "1-0"]
[WhiteElo "2631"]
[BlackElo "2582"]
[PlyCount "53"]
[EventDate "2008.09.03"]
[SourceDate "1999.07.01"]

1. e4 c5 2. Nf3 d6 3. d4 cxd4 4. Nxd4 Nf6 5. Nc3 a6 6. Be2 e6 7. O-O Be7 8. f4
Qc7 9. Be3 O-O 10. g4 d5 11. e5 Ne4 12. g5 Nxc3 13. bxc3 Qxc3 14. Rf3 Rd8 15.
Bf2 Qc7 16. Bd3 g6 17. Rh3 Nd7 18. Nxe6 fxe6 19. Rxh7 Nf8 20. Rh6 Kg7 21. Qg4
Bc5 22. Qh4 Bxf2+ 23. Kxf2 b5 24. Rh8 Qc5+ 25. Kf3 Kf7 26. Bxg6+ Ke7 27. Rh7+
1-0

[Event "TCh-ESP Hon Gp2"]
[Site "Sabadell ESP"]
[Date "2008.09.05"]
[Round "3"]
[White "Aagaard, J."]
[Black "Dominguez Perez, L."]
[Result "0-1"]
[WhiteElo "2531"]
[BlackElo "2708"]
[PlyCount "100"]
[EventDate "2008.09.03"]
[SourceDate "1999.07.01"]

1. e4 c5 2. Nf3 d6 3. d4 cxd4 4. Nxd4 Nf6 5. Nc3 a6 6. Be3 e5 7. Nb3 Be6 8. f3
h5 9. Qd2 Nbd7 10. O-O-O Qc7 11. Kb1 Be7 12. h3 h4 13. f4 b5 14. Be2 Nb6 15.
Bxb6 Qxb6 16. Rhe1 O-O 17. Bf3 Rfe8 18. Nd5 Bxd5 19. exd5 Bf8 20. Re2 g6 21. f5
e4 22. Bg4 e3 23. Qd3 g5 24. Rde1 Re5 25. Rxe3 Rae8 26. Rxe5 Rxe5 27. Qd2 Rxe1+
28. Qxe1 Nxd5 29. Qd2 Qg1+ 30. Qc1 Qxc1+ 31. Kxc1 Kg7 32. Kd2 Kf6 33. Nc1 Ne7
34. Bf3 d5 35. Nd3 a5 36. b4 axb4 37. Nxb4 Ke5 38. f6 Nf5 39. Nc6+ Kxf6 40.
Bxd5 Bc5 41. Kd3 Nd6 42. Nd8 Bb6 43. Nb7 Nf5 44. Be4 Ke5 45. Bxf5 Kxf5 46. Nd6+
Kf4 47. Nxf7 Bc7 48. a3 g4 49. hxg4 Kxg4 50. Nh6+ Kf4 0-1

[Event "TCh-ESP Hon Gp2"]
[Site "Sabadell ESP"]
[Date "2008.09.05"]
[Round "3"]
[White "Hracek, Z."]
[Black "Negi, P."]
[Result "1/2-1/2"]
[WhiteElo "2625"]
[BlackElo "2529"]
[PlyCount "41"]
[EventDate "2008.09.03"]
[SourceDate "1999.07.01"]

1. e4 c5 2. Nf3 d6 3. d4 cxd4 4. Nxd4 Nf6 5. Nc3 a6 6. Be2 e5 7. Nb3 Be7 8. O-O
O-O 9. Be3 Be6 10. Qd2 Nbd7 11. a4 Rc8 12. a5 Qc7 13. Rfd1 Rfd8 14. Qe1 h6 15.
h3 Qc6 16. Bf3 Qc7 17. Rd2 Nc5 18. Nxc5 dxc5 19. Rxd8+ Rxd8 20. Na4 Qc6 21. b3
1/2-1/2

[Event "TCh-ESP Hon Gp2"]
[Site "Sabadell ESP"]
[Date "2008.09.06"]
[Round "4"]
[White "Ganguly, S."]
[Black "Aagaard, J."]
[Result "1/2-1/2"]
[WhiteElo "2631"]
[BlackElo "2531"]
[PlyCount "32"]
[EventDate "2008.09.03"]
[SourceDate "1999.07.01"]

1. e4 c5 2. Nf3 d6 3. d4 cxd4 4. Nxd4 Nf6 5. Nc3 a6 6. Be2 e6 7. O-O Be7 8. f4
Qc7 9. Be3 O-O 10. a4 b6 11. Bf3 Bb7 12. f5 e5 13. Nde2 Nbd7 14. Ng3 Rfe8 15.
Qe2 Bc6 16. Rfd1 Qb7 1/2-1/2

[Event "TCh-ESP Hon Gp2"]
[Site "Sabadell ESP"]
[Date "2008.09.07"]
[Round "5"]
[White "Almasi, Z."]
[Black "Negi, P."]
[Result "1/2-1/2"]
[WhiteElo "2668"]
[BlackElo "2529"]
[PlyCount "82"]
[EventDate "2008.09.03"]
[SourceDate "1999.07.01"]

1. e4 c5 2. Nf3 d6 3. d4 cxd4 4. Nxd4 Nf6 5. Nc3 a6 6. Be3 e5 7. Nf3 Qc7 8. a4
Be7 9. a5 Nbd7 10. Be2 O-O 11. O-O Nc5 12. Nd5 Nxd5 13. exd5 Bg4 14. Nd2 Bxe2
15. Qxe2 f5 16. f3 Bf6 17. b4 Nd7 18. c4 f4 19. Bf2 e4 20. Nxe4 Bxa1 21. Rxa1
Nf6 22. Ng5 Rac8 23. Rc1 Rfe8 24. Ne6 Qd7 25. Qd2 Qa4 26. Bd4 Nh5 27. Qc3 Qa2
28. Qd3 Qa4 29. Ng5 g6 30. Ne4 Qxb4 31. Ba1 b5 32. axb6 Qxb6+ 33. c5 Rxc5 34.
Nxc5 dxc5 35. Qc4 Qb4 36. Qf1 Qd2 37. d6 Qxd6 38. Qc4+ Qe6 39. Qxc5 Qe3+ 40.
Qxe3 Rxe3 41. Bd4 Re6 1/2-1/2

[Event "5th Open"]
[Site "Kalamaria GRE"]
[Date "2008.08.05"]
[Round "4"]
[White "Timoshenko, G."]
[Black "Berg, E."]
[Result "1-0"]
[WhiteElo "2572"]
[BlackElo "2592"]
[PlyCount "111"]
[EventDate "2008.08.27"]
[SourceDate "1999.07.01"]

1. e4 c5 2. Nf3 d6 3. d4 cxd4 4. Nxd4 Nf6 5. Nc3 a6 6. h3 g6 7. g4 Bg7 8. g5
Nfd7 9. Bg2 Nc6 10. Nde2 Rb8 11. O-O b5 12. a3 Bb7 13. f4 a5 14. Kh1 b4 15.
axb4 axb4 16. Nd5 e6 17. Ne3 Nc5 18. f5 Be5 19. Ng4 Qc7 20. Bf4 Rd8 21. Bxe5
Nxe5 22. Nf6+ Kf8 23. Nd4 Kg7 24. Qe1 exf5 25. exf5 Bxg2+ 26. Kxg2 Qb7+ 27. Kh2
h6 28. fxg6 fxg6 29. Qg3 h5 30. Ra5 Rhe8 31. Nxe8+ Rxe8 32. Qf4 Kg8 33. Raa1
Ncd7 34. Rad1 Qa6 35. Qf2 Qc4 36. b3 Qc5 37. Rd2 Qc3 38. Qg2 Qc5 39. Rf4 Nf7
40. Nf3 Qe3 41. Rxb4 Nfe5 42. Nxe5 Nxe5 43. Rf2 Re7 44. Rbf4 Kg7 45. Qg3 Qe1
46. Rf6 Rc7 47. Qf4 Rc8 48. Rxd6 Kh7 49. Rf6 h4 50. Qxh4+ Kg8 51. Qh6 Qb4 52.
Rxg6+ Nxg6 53. Qxg6+ Kh8 54. Qf6+ Kh7 55. Qf5+ Kg7 56. Qd7+ 1-0

[Event "5th Open"]
[Site "Kalamaria GRE"]
[Date "2008.08.09"]
[Round "8"]
[White "Berg, E."]
[Black "Carlsson, P."]
[Result "1/2-1/2"]
[WhiteElo "2592"]
[BlackElo "2514"]
[PlyCount "38"]
[EventDate "2008.08.27"]
[SourceDate "1999.07.01"]

1. e4 c5 2. Nf3 d6 3. d4 cxd4 4. Nxd4 Nf6 5. Nc3 a6 6. Bg5 e6 7. f4 Qb6 8. Qd2
Nc6 9. O-O-O Qxd4 10. Qxd4 Nxd4 11. Rxd4 Be7 12. Na4 Nd7 13. Bxe7 Kxe7 14. c4
Nf6 15. c5 dxc5 16. Nxc5 b6 17. Na4 b5 18. Nc5 Ra7 19. Kd2 Rc7 1/2-1/2

[Event "2nd Circuit Europe-Echecs"]
[Site "Chalons FRA"]
[Date "2008.09.04"]
[Round "2"]
[White "Vachier Lagrave, M."]
[Black "Edouard, R."]
[Result "1/2-1/2"]
[WhiteElo "2681"]
[BlackElo "2508"]
[PlyCount "113"]
[EventDate "2008.09.04"]
[SourceDate "1999.07.01"]

1. e4 c5 2. Nf3 d6 3. d4 cxd4 4. Nxd4 Nf6 5. Nc3 a6 6. g3 e5 7. Nb3 Be7 8. Bg2
Nbd7 9. a4 b6 10. O-O O-O 11. Re1 Bb7 12. Nd2 Rc8 13. Nf1 Rc5 14. Ne3 g6 15.
Ned5 Nxd5 16. Nxd5 Bxd5 17. exd5 Bg5 18. f4 exf4 19. gxf4 Bh4 20. Re2 Re8 21.
Qd3 Rxe2 22. Qxe2 Qc8 23. c3 Nf6 24. Be3 Nxd5 25. Bxc5 Nxf4 26. Qe3 Nxg2 27.
Kxg2 Qg4+ 28. Kh1 dxc5 29. Rf1 Qxa4 30. Rf4 Qd1+ 31. Kg2 Qd5+ 32. Qe4 Qd2+ 33.
Kg1 Bf6 34. Rf2 Qc1+ 35. Rf1 Qg5+ 36. Kh1 Kg7 37. Qc6 b5 38. Qf3 a5 39. Qg2 Qe5
40. Qf3 a4 41. Qc6 b4 42. cxb4 cxb4 43. Rf2 a3 44. bxa3 bxa3 45. Qc4 Qe1+ 46.
Kg2 Qe5 47. h3 Qg5+ 48. Kh1 h5 49. Qb3 Qc5 50. Qf3 Qb6 51. Kg2 Qa6 52. Qd5 Qa4
53. Kh1 Qd4 54. Qf3 Qa1+ 55. Kg2 Qe5 56. Qxa3 Qd5+ 57. Qf3 1/2-1/2

[Event "3rd NH"]
[Site "Amsterdam NED"]
[Date "2008.08.28"]
[Round "8"]
[White "Stellwagen, D."]
[Black "Ljubojevic, L."]
[Result "1/2-1/2"]
[WhiteElo "2616"]
[BlackElo "2555"]
[PlyCount "91"]
[EventDate "2008.08.20"]
[SourceDate "1999.07.01"]

1. e4 c5 2. Nf3 d6 3. d4 cxd4 4. Nxd4 Nf6 5. Nc3 a6 6. Bg5 e6 7. f4 Qc7 8. Bxf6
gxf6 9. Qf3 Nc6 10. O-O-O Bd7 11. Nxc6 Qxc6 12. f5 Qc5 13. Kb1 Qe5 14. g3 h5
15. h4 O-O-O 16. Bh3 Kb8 17. Rhe1 Re8 18. Ne2 Bh6 19. Nd4 Reg8 20. Rd3 Bf8 21.
Qf2 Be7 22. a3 Bd8 23. fxe6 fxe6 24. Qf4 f5 25. Qxe5 dxe5 26. Nxf5 Bb5 27. c4
Bxc4 28. Rc3 exf5 29. Rxc4 Rxg3 30. Bxf5 Bxh4 31. Rec1 Rh6 32. R1c3 Rxc3 33.
Rxc3 Bf2 34. Ka2 h4 35. b4 Bg3 36. Bh3 Rd6 37. Rc8+ Ka7 38. Rc7 Rd2+ 39. Kb3
Rd3+ 40. Rc3 Rxc3+ 41. Kxc3 b5 42. Kb3 Kb6 43. a4 Kc6 44. axb5+ axb5 45. Bf1
Be1 46. Ka3 1/2-1/2

[Event "X Sants Open"]
[Site "Barcelona ESP"]
[Date "2008.08.27"]
[Round "6"]
[White "Lopez Martinez, Josep"]
[Black "Cruz, Cr"]
[Result "1-0"]
[WhiteElo "2531"]
[BlackElo "2508"]
[PlyCount "101"]
[EventDate "2008.08.22"]
[SourceDate "1999.07.01"]

1. e4 c5 2. Nf3 d6 3. d4 Nf6 4. Nc3 cxd4 5. Nxd4 a6 6. Be3 e5 7. Nb3 Be6 8. f3
Nbd7 9. g4 Nb6 10. g5 Nh5 11. Qd2 Be7 12. O-O-O O-O 13. Rg1 Rc8 14. Kb1 g6 15.
Qf2 Nc4 16. Bxc4 Bxc4 17. Qd2 b5 18. h4 f6 19. Nd5 Bxd5 20. Qxd5+ Kh8 21. a3
fxg5 22. Bxg5 Rxf3 23. Qe6 Bxg5 24. hxg5 Nf4 25. Qxd6 Qxd6 26. Rxd6 Nh3 27. Rh1
Kg8 28. Nd2 Re3 29. Rxa6 Nxg5 30. Rb6 Re2 31. Kc1 Rc5 32. b4 Rc3 33. Rxb5 Rxa3
34. Kb2 Rg3 35. Rd1 Rgg2 36. Rxe5 Nh3 37. Rd5 Nf2 38. Ra1 Kg7 39. b5 Nxe4 40.
Nxe4 Rxe4 41. Kb3 Re3+ 42. c3 h5 43. b6 Rf2 44. Rd7+ Kh6 45. b7 Ree2 46. Rb1
Rf8 47. c4 h4 48. c5 h3 49. c6 Re6 50. Rc7 Re4 51. Kc3 1-0

[Event "X Sants Open"]
[Site "Barcelona ESP"]
[Date "2008.08.29"]
[Round "8"]
[White "Guliyev, N."]
[Black "Hernandez Carmenates, Hold"]
[Result "1/2-1/2"]
[WhiteElo "2510"]
[BlackElo "2582"]
[PlyCount "236"]
[EventDate "2008.08.22"]
[SourceDate "1999.07.01"]

1. e4 c5 2. Nf3 d6 3. d4 cxd4 4. Nxd4 Nf6 5. Nc3 a6 6. Be3 e5 7. Nf3 Be7 8. Bc4
O-O 9. O-O Nc6 10. Re1 b5 11. Bf1 Rb8 12. Bg5 Ng4 13. Bc1 Nf6 14. h3 h6 15. b3
Re8 16. Bb2 Bf8 17. Qd2 Ne7 18. Rad1 b4 19. Na4 Ng6 20. c4 Qc7 21. Re3 Bb7 22.
Qc2 Nf4 23. Qb1 Ne6 24. Rc1 Nd7 25. Ba1 g6 26. Rd1 Bc6 27. Nb2 Ndc5 28. Rde1
Qb7 29. Bd3 h5 30. Bc2 Bh6 31. R3e2 Nf4 32. Rd2 Re6 33. Na4 Qa7 34. Nxc5 Qxc5
35. h4 Rf6 36. Qd1 Nh3+ 37. gxh3 Bxd2 38. Nxd2 Qxf2+ 39. Kh1 Qg3 40. Re2 Rf2
41. Rxf2 Qxf2 42. Bd3 Qxh4 43. Bf1 f5 44. Bg2 fxe4 45. Nf1 Rd8 46. Qd2 Qf4 47.
Qe3 Rf8 48. Kg1 a5 49. Bb2 Qxe3+ 50. Nxe3 Kf7 51. Kf2 Ke6+ 52. Ke2 g5 53. Bc1
Rf4 54. Bd2 Rf8 55. Be1 Rf7 56. Bd2 Ra7 57. Kd1 Ra8 58. Kc2 Rc8 59. Kd1 Rc7 60.
Ke2 Rb7 61. Nc2 Kf5 62. Ne3+ Ke6 63. Nc2 Rg7 64. Be3 d5 65. cxd5+ Bxd5 66. Bb6
e3 67. Bxd5+ Kxd5 68. Bxa5 Ra7 69. Nxb4+ Ke4 70. Bd8 Rd7 71. Bxg5 Rd2+ 72. Ke1
Rg2 73. Bh4 Kf3 74. Kd1 Rg1+ 75. Be1 Rg8 76. a4 Rd8+ 77. Kc2 Ke2 78. Bc3 e4 79.
a5 Kf1 80. Kc1 h4 81. Nc2 e2 82. b4 Kg2 83. a6 Kxh3 84. b5 Kg4 85. a7 h3 86.
Be5 Rc8 87. Kb1 Rxc2 88. Kxc2 e1=Q 89. a8=Q Qe2+ 90. Kc3 h2 91. Bxh2 Qxb5 92.
Qxe4+ Kh5 93. Be5 Qf1 94. Qh7+ Kg5 95. Qg7+ Kh5 96. Kd4 Qa1+ 97. Kd5 Qa2+ 98.
Kd6 Qa6+ 99. Kd7 Qa4+ 100. Kd6 Qa6+ 101. Kc5 Qa5+ 102. Kd4 Qa1+ 103. Ke4 Qb1+
104. Ke3 Qe1+ 105. Kd3 Qd1+ 106. Kc3 Qf3+ 107. Kb2 Qe2+ 108. Ka3 Qf3+ 109. Bc3
Qa8+ 110. Kb2 Qd5 111. Qg3 Qb5+ 112. Kc2 Qf5+ 113. Kb2 Qb5+ 114. Ka3 Qa6+ 115.
Kb4 Qb6+ 116. Kc4 Qc6+ 117. Kd4 Qf6+ 118. Kd5 Qg5+ 1/2-1/2